Southville International School and Colleges
Your cart is empty.
  • Cart
  • Lists
    Public lists Eva Luna New books Lux_list list_1
    Your lists Log in to create your own lists
  • Log in to your account
  • Your cookies
  • Search history
Southville International School and Colleges
  • Advanced search
  • Recent comments
  • Most popular
  • Libraries

Log in to your account

Log in with GOOGLE


If you do not have an external account, but do have a local account, you can still log in:

  1. Home
  2. MARC view: Key issues in the arts and entertainment industry /
Normal view MARC view ISBD view

Key issues in the arts and entertainment industry / (Record no. 22289)

[ view plain ]
MARC details
000 -LEADER
fixed length control field 00828nam a2200217 a 4500
005 - DATE AND TIME OF LATEST TRANSACTION
control field 20140310183358.0
008 - FIXED-LENGTH DATA ELEMENTS--GENERAL INFORMATION
fixed length control field 121114s19uu xx 00 eng d
020 ## - INTERNATIONAL STANDARD BOOK NUMBER
International Standard Book Number 9781906884475
050 ## - LIBRARY OF CONGRESS CALL NUMBER
Classification number NX 180.S6
Item number .K49 2011
245 ## - TITLE STATEMENT
Title Key issues in the arts and entertainment industry /
Statement of responsibility, etc edited by Ben Walmsley.
260 ## - PUBLICATION, DISTRIBUTION, ETC. (IMPRINT)
Place of publication, distribution, etc Woodeaton, Oxford :
Name of publisher, distributor, etc Goodfellow Pub,
Date of publication, distribution, etc 2011.
300 ## - PHYSICAL DESCRIPTION
Extent x, 225 p. :
Other physical details ill. ;
Dimensions 24 cm.
500 ## - GENERAL NOTE
General note Includes bibliographical references and index
520 ## - SUMMARY, ETC.
Summary, etc The only book on contemporary issues which covers the arts and entertainment sectors, from social networking and Twitter, to reality TV and digital rights management.
521 ## - TARGET AUDIENCE NOTE
Target audience note
650 ## - SUBJECT ADDED ENTRY--TOPICAL TERM
Topical term or geographic name as entry element Arts and society
650 ## - SUBJECT ADDED ENTRY--TOPICAL TERM
Topical term or geographic name as entry element Entertainment events
General subdivision Marketing
650 ## - SUBJECT ADDED ENTRY--TOPICAL TERM
Topical term or geographic name as entry element Arts
General subdivision Finance
942 ## - ADDED ENTRY ELEMENTS (KOHA)
Koha item type Books
Source of classification or shelving scheme Library of Congress Classification
Call number prefix Foreign
Holdings
Withdrawn status Lost status Source of classification or shelving scheme Damaged status Home library Current library Shelving location Date acquired Source of acquisition Cost, normal purchase price Total Checkouts Full call number Barcode Date last seen Copy number Price effective from Koha item type
    Library of Congress Classification   College Library College Library General Circulation Section 11/14/2012 Donation 4207.00   NX 180.S6 .K49 2011 C16199 05/15/2018 1 10/10/2013 Books

Key issues in the arts and entertainment industry /

APA

(2011). Key issues in the arts and entertainment industry. Woodeaton, Oxford: Goodfellow Pub.

Chicago

2011. Key issues in the arts and entertainment industry. Woodeaton, Oxford: Goodfellow Pub.

Harvard

(2011). Key issues in the arts and entertainment industry. Woodeaton, Oxford: Goodfellow Pub.

MLA

Key issues in the arts and entertainment industry. Woodeaton, Oxford: Goodfellow Pub. 2011.

  • Place hold
  • Print
  • Cite
  • Add to your cart (remove)
  • Save record
    BIBTEX Dublin Core MARCXML MARC (non-Unicode/MARC-8) MARC (Unicode/UTF-8) MARC (Unicode/UTF-8, Standard) MODS (XML) RIS
  • More searches
    Search for this title in:
    Other Libraries (WorldCat) Other Databases (Google Scholar) Online Stores (Bookfinder.com) Open Library (openlibrary.org)

Exporting to Dublin Core...

SOUTHVILLE LIBRARY

Southville International School and Colleges Library

1281 Tropical Ave. Cor. Luxembourg St., BF Homes International, Las Pinas City

Tel. No. 8256374 / 252358 Loc. 117/146

Powered by Koha